000 00925cab a2200277 4500
001 ABS46304
008 090401t1992 xxu||||| |||| 00| 0 eng d
035 _a(Sirsi) u57686
041 _aeng
100 _aBrown, N.
245 _aValue to the business: market evidence and depreciated replacement cost
260 _c1992
350 _a0
490 _aCS Monthly : General Practice
_v1(7) April 1992, 8(1)
520 _aLooks at the two methods of valuation of plant and machinery employed in the business of a company. Replacement of obsolete machinery is considered in the next issue.
650 _aASSET VALUATION
650 _aDEPRECIATED REPLACEMENT COST
650 _aMARKET EVIDENCE
650 _aPLANT AND MACHINERY
650 _aRICS STATEMENTS OF ASSET VALUATION PRACTICE
650 _aSAVP
650 _aValuation
_96273
690 _aRATING AND VALUATION
942 _n0
948 _c04/03/1997
999 _c35200
_d35200